Т. 116, № 11; Физика металлов и металловедение

Podrobná bibliografie
Parent link:Физика металлов и металловедение/ Российская академия наук (РАН), Уральское отделение (УрО), Институт физики металлов (ИФМ). Т. 116, № 11.— , 1955-
Jazyk:ruština
Vydáno: 2015
Médium: Kniha
KOHA link:https://koha.lib.tpu.ru/cgi-bin/koha/opac-detail.pl?biblionumber=555381

MARC

LEADER 00000nam2a2200000 4500
001 555381
005 20231101121704.0
035 |a (RuTPU)RU\TPU\prd\249531 
090 |a 555381 
100 |a 20160115a19559999k y0rusy50 ca 
101 0 |a rus 
102 |a RU 
200 0 |a Т. 116, № 11 
210 |d 2015 
461 1 |0 (RuTPU)RU\TPU\prd\406  |t Физика металлов и металловедение  |f Российская академия наук (РАН), Уральское отделение (УрО), Институт физики металлов (ИФМ)  |v Т. 116, № 11  |d 1955- 
801 0 |a RU  |b 63413507  |c 20010227  |g PSBO 
801 1 |a RU  |b 63413507  |c 20160115 
801 2 |a RU  |b 63413507  |c 20230623  |g RCR 
942 |c BK 
999 |a НТБ_ТПУ  |b НФ  |e -1/20160111  |p П-5925  |s 1/20150608  |u 0,00  |v 1